000 00631 a2200205 4500
999 _c10596
_d10596
020 _a9781526489418
050 _aLB2395. LEI 2019
100 1 _aLeicester, Mal.
_eauthor
245 1 0 _aTake great notes /
_cMal Leicester, Denise Taylor.
264 1 _aThousand Oaks, CA :
_bSAGE Pub.,
_c2019.
300 _a120 pages : color illustrations ; 18 cm
336 _atext
_btxt
_2rdacontent
337 _aunmediated
_bn
_2rdamedia
338 _avolume
_bnc
_2rdacarrier
500 _alncludes index
650 _aNote-taking
_x Popular works.
700 _aTaylor, Denise
942 _2lcc
_cBK
_h2395
_iLEI
_kLB